Kashmir (Record no. 9397)

MARC details
000 -LEADER
fixed length control field 00667nam a2200253 a 4500
020 ## - INTERNATIONAL STANDARD BOOK NUMBER
ISBN 8185182
082 00 - DEWEY DECIMAL CLASSIFICATION NUMBER
Classification number 954.6
Author Cutter SHA
100 ## - MAIN ENTRY--AUTHOR NAME
Author name Shali, S L
245 ## - TITLE STATEMENT
Title Kashmir
Sub title History and Archaeology Through the Ages
260 ## - PUBLICATION, DISTRIBUTION, ETC. (IMPRINT)
Place of publication Shimla
Name of publisher Indian Institute of Advanced Study
Year of publication 1993
300 ## - PHYSICAL DESCRIPTION
Number of Pages 311p
500 ## - GENERAL NOTE
General note includes index and biblioraphy
505 2# - FORMATTED CONTENTS NOTE
Formatted contents note Bibliography, Index, Plates
650 ## - SUBJECT ADDED ENTRY--TOPICAL TERM
Topical Term India-Kashmir
650 ## - SUBJECT ADDED ENTRY--TOPICAL TERM
Topical Term Kashmir-History
942 ## - ADDED ENTRY ELEMENTS (KOHA)
Koha item type Books
700 1# -
-- Shali, S L
Holdings
Collection code Home library Current library Date acquired Cost, normal purchase price Full call number Accession Number Koha item type
  Henry Martyn Institute Library Henry Martyn Institute Library 04/10/2007 800.00 954.6 SHA 014968 Books
                   Copyright © 2026 | Henry Martyn Institute | Hyderabad | TS-500052 | INDIA | Implemented by hmi.edu.in
Hit-Count:

Powered by Koha